| 000 | 00000nam##2200000za#4500 |
| 001 | 9.605285 |
| 003 | CaOODSP |
| 005 | 20240206145613 |
| 007 | cr ||||||||||| |
| 008 | 150406|2009||||xxc|||||o f|0| 0 fre|d |
| 040 | |aCaOODSP|bfre |
| 043 | |an-cn--- |
| 086 | 1 |aTU3-6/09-230F-PDF |
| 110 | 2 |aBureau de la sécurité des transports du Canada. |
| 245 | 10|aCollision en voie principale - entre le train no 355-429 du Chemin de fer Canadien Pacifique et le train no 110-30 du Chemin de fer Canadien Pacifique au point milliaire 58,10 de la subdivision Mountain à Redgrave (Colombie-Britannique), le 30 octobre 2009 |h[ressource électronique] |
| 260 | |aOttawa - Ontario : |bBureau de la sécurité des transports du Canada |c[2009]. |
| 300 | |a17p.|bill. en couleur, figures, références |
| 490 | 1 |aRapport d'enquête sur un accident ferroviaire |vR09V0230 |
| 590 | |a13-09-Supp|b2013-04-04 |
| 775 | 08|tMain-track train collision - Canadian Pacific Train No. 355-429 and Canadian Pacific Train No. 110-30 Mile 58.10, Mountain Subdivision Redgrave, British Columbia, 30 October 2009 |w(CaOODSP)9.575896 |
| 830 | #0|aRapport d'enquête sur un accident ferroviaire ;|vR09V0230|w(CaOODSP)9.501252 |
| 856 | 40|ahttp://publications.gc.ca|qPDF|s765 Ko|uhttps://publications.gc.ca/collections/collection_2013/bst-tsb/TU3-6-09-230-fra.pdf|yR09V0230 |